[Event "Fortaleza Schoonenborch 7th"]
[Site "Fortaleza"]
[Date "2020.02.06"]
[Round "1"]
[White "Machado Neto, Pedro Ferreira"]
[Black "Costa, Francisco Sergio Vi"]
[Result "1-0"]
[WhiteElo "1742"]
[BlackElo "1453"]
[PlyCount "47"]
[EventDate "2020.02.06"]
[EventType "swiss"]
[EventRounds "6"]
[EventCountry "BRA"]
[SourceTitle "CBM 195 Extra"]
[Source "ChessBase"]
[SourceDate "2020.05.31"]
[SourceVersion "1"]
[SourceVersionDate "2020.05.31"]
[SourceQuality "1"]

1. e4 c5 2. c3 d6 3. d4 cxd4 4. cxd4 Nf6 5. Nc3 g6 6. f3 Bg7 7. Be3 0-0 8. Qd2 Re8 9. Bc4 Nbd7 10. Nge2 Nb6 11. Bb3 d5 12. e5 Nfd7 13. 0-0 Nf8 14. f4 Be6 15. Ng3 h6 16. f5 gxf5 17. Nxf5 Bxf5 18. Rxf5 Nc4 19. Bxc4 dxc4 20. Bxh6 Qb6 21. Bxg7 Kxg7 22. Raf1 Qe6 23. d5 Red8 24. Qg5+ 1-0

[Event "Fortaleza Gadelha Memorial"]
[Site "Fortaleza"]
[Date "2019.08.17"]
[Round "4"]
[White "Costa, Francisco Sergio Vi"]
[Black "Lima, Helio Viana Correia"]
[Result "0-1"]
[WhiteElo "1443"]
[BlackElo "1896"]
[PlyCount "64"]
[EventDate "2019.08.15"]
[EventType "swiss"]
[EventRounds "7"]
[EventCountry "BRA"]
[SourceTitle "CBM 191 Extra"]
[Source "ChessBase"]
[SourceDate "2019.09.30"]
[SourceVersion "1"]
[SourceVersionDate "2019.09.30"]
[SourceQuality "1"]

1. e4 c6 2. d4 d5 3. e5 Bf5 4. c4 e6 5. Nc3 Ne7 6. Nf3 Nc8 7. c5 b6 8. b4 a5 9. Ba3 axb4 10. Bxb4 bxc5 11. Bxc5 Qa5 12. Bxf8 Qxc3+ 13. Nd2 Kxf8 14. Be2 Qxd4 15. 0-0 Qxe5 16. f4 Qd4+ 17. Kh1 g6 18. Nb3 Qxd1 19. Rfxd1 Nd7 20. Rdc1 Ne7 21. Nd4 Kg7 22. Nxc6 Nxc6 23. Rxc6 Rhc8 24. Bb5 Rxc6 25. Bxc6 Ra7 26. a4 Nb6 27. Kg1 Nc4 28. Kf2 Ra5 29. Ke2 Bc2 30. Bb5 Nb6 31. Ke3 Nxa4 32. Bxa4 Rxa4 0-1

[Event "BRA-ch North-Northeast U1600"]
[Site "Fortaleza"]
[Date "2019.04.27"]
[Round "3.10"]
[White "Ribeiro, Pedro Roney Dias"]
[Black "Costa, Francisco Sergio Vi"]
[Result "1-0"]
[WhiteElo "1420"]
[BlackElo "1496"]
[PlyCount "143"]
[EventDate "2019.04.26"]
[EventType "swiss"]
[EventRounds "6"]
[EventCountry "BRA"]
[SourceTitle "EXT 2022"]
[Source "ChessBase"]
[SourceDate "2021.10.06"]
[SourceVersion "1"]
[SourceVersionDate "2021.10.06"]
[SourceQuality "1"]

1. Nf3 g6 2. g3 Bg7 3. Bg2 Nf6 4. 0-0 0-0 5. c4 Nc6 6. Nc3 e5 7. d3 Re8 8. Bg5 d6 9. Nd5 Be6 10. Nxf6+ Bxf6 11. Bxf6 Qxf6 12. Qd2 Rad8 13. Qh6 d5 14. Ng5 Qg7 15. Qxg7+ Kxg7 16. Nxe6+ fxe6 17. Rac1 Re7 18. Bh3 Nd4 19. Rfe1 h5 20. Bg2 g5 21. e3 Nc6 22. a3 Na5 23. b4 Nc6 24. Red1 d4 25. Bxc6 bxc6 26. e4 Rf8 27. Kg2 g4 28. Rd2 Rf6 29. h4 Re8 30. b5 c5 31. Rb1 Rb8 32. Rb3 a6 33. a4 a5 34. Rdb2 Rb6 35. Kf1 Kf7 36. Kg2 Ke7 37. Kf1 Kd6 38. Ke2 Rf8 39. Kf1 Rfb8 40. Ke2 c6 41. f3 gxf3+ 42. Kxf3 Rf8+ 43. Kg2 Rfb8 44. Kh3 cxb5 45. axb5 R6b7 46. Rf2 Ke7 47. Ra3 Ra8 48. Rfa2 Rba7 49. Kg2 Kd6 50. Kf2 Kc7 51. Kg2 Kb6 52. Rf2 Rh8 53. Rf6 Re7 54. Kh3 Rhh7 55. g4 hxg4+ 56. Kxg4 Rhg7+ 57. Kh3 Rgf7 58. Rxf7 Rxf7 59. h5 Rf4 60. Kg3 Rf6 61. Kg4 Rf4+ 62. Kg5 Rf8 63. h6 Rg8+ 64. Kf6 Rh8 65. Kg7 Ra8 66. Kf6 a4 67. h7 Ka5 68. Ra1 Kb4 69. Rh1 a3 70. h8Q Rxh8 71. Rxh8 a2 72. Ra8 1-0

[Event "Fortaleza Capivarol op"]
[Site "Fortaleza"]
[Date "2018.11.02"]
[Round "2"]
[White "Costa, Francisco Sergio Vi"]
[Black "De Lima, Nilo Fernandes"]
[Result "0-1"]
[WhiteElo "1538"]
[BlackElo "1675"]
[PlyCount "40"]
[EventDate "2018.11.02"]
[EventType "swiss"]
[EventRounds "6"]
[EventCountry "BRA"]
[SourceTitle "CBM 187 Extra"]
[Source "ChessBase"]
[SourceDate "2018.11.04"]
[SourceVersion "1"]
[SourceVersionDate "2018.11.04"]
[SourceQuality "1"]

1. e4 e5 2. Nf3 Nc6 3. Bc4 Bc5 4. c3 Nf6 5. d4 exd4 6. e5 d5 7. exf6 dxc4 8. fxg7 Rg8 9. Bh6 Be6 10. Ng5 Qd5 11. Nxe6 fxe6 12. 0-0 0-0-0 13. b4 Bf8 14. b5 Bxg7 15. bxc6 Bxh6 16. cxb7+ Qxb7 17. f3 dxc3 18. Qe2 Rg6 19. Nxc3 Rd2 20. Qe4 Rgxg2+ 0-1